[Event "Women's Speed Chess GP1"]
[Site "chess.com INT"]
[Date "2020.06.24"]
[Round "1.6"]
[White "Vaishali, R"]
[Black "Stefanova, Antoaneta"]
[Result "1/2-1/2"]
[WhiteTitle "WGM"]
[BlackTitle "GM"]
[WhiteElo "2393"]
[BlackElo "2462"]
[WhiteFideId "5091756"]
[BlackFideId "2902257"]
[EventDate "2020.06.24"]
[EventType "k.o. blitz"]

1. e4 e5 2. Nf3 Nc6 3. Nc3 Nf6 4. Bb5 Bb4 5. O-O O-O 6. d3 d6 7. Ne2 Ne7 8. c3
Ba5 9. Ng3 Ng6 10. Re1 c6 11. Ba4 h6 12. h3 Bc7 13. d4 b5 14. Bc2 a5 15. Be3 a4
16. Qd2 Kh7 17. Nf5 Bxf5 18. exf5 Ne7 19. dxe5 dxe5 20. Bc5 Qxd2 21. Nxd2 Rfe8
22. Ne4 Ned5 23. Nxf6+ Nxf6 24. a3 Kg8 25. Rad1 Rad8 26. g3 Rd5 27. Be3 Red8 28.
Kf1 Rxd1 29. Rxd1 Nd5 30. Ke2 f6 31. Be4 Kf7 32. Bc5 Ke8 33. Bf3 Rd7 34. Rd3 Kd8
35. h4 Kc8 36. Bh5 Bd6 37. Be3 Nxe3 38. Rxe3 Bc5 39. Rf3 Kd8 40. g4 Ke7 41. Rg3
Kf8 42. Rg1 Rd8 43. Rf1 Be7 44. f3 c5 45. Rd1 Rxd1 46. Kxd1 b4 47. cxb4 cxb4 48.
axb4 Bxb4 49. Kc2 a3 50. bxa3 Bxa3 51. Kd3 Bb4 52. Ke4 Be1 53. Bg6 Bxh4 54. Bh5
Be1 55. Bg6 Ke7 56. Bh5 Bd2 57. Bg6 Bf4 58. Bh5 Kd6 59. Bg6 Kc5 60. Bh5 Kd6 61.
Bg6 Bc1 62. Bh5 Kc5 63. Bg6 Kd6 64. Bf7 Kc5 65. Bh5 Kd6 66. Bg6 Kc5 67. Bh5 Kd6
68. Bg6 Kc5 69. Bh5 1/2-1/2

[Event "Women's Speed Chess GP1"]
[Site "chess.com INT"]
[Date "2020.06.24"]
[Round "1.7"]
[White "Stefanova, Antoaneta"]
[Black "Vaishali, R"]
[Result "1/2-1/2"]
[WhiteTitle "GM"]
[BlackTitle "WGM"]
[WhiteElo "2462"]
[BlackElo "2393"]
[WhiteFideId "2902257"]
[BlackFideId "5091756"]
[EventDate "2020.06.24"]
[EventType "k.o. blitz"]

1. d4 Nf6 2. Nf3 g6 3. g3 Bg7 4. Bg2 O-O 5. O-O d5 6. Be3 Nc6 7. Qc1 Re8 8. c4
e5 9. dxe5 Nxe5 10. Nxe5 Rxe5 11. cxd5 Nxd5 12. Rd1 c6 13. Nc3 Bg4 14. Bd4 Re7
15. Bxg7 Kxg7 16. Nxd5 cxd5 17. Rxd5 Qb6 18. Qc3+ Qf6 19. Qxf6+ Kxf6 20. e3 Rc8
21. Rd2 b6 22. h3 Be6 23. a4 Rec7 24. Kh2 h5 25. a5 Rc2 26. axb6 Rxd2 27. bxa7
Rxf2 28. e4 Rxb2 29. a8=Q Rxa8 30. Rxa8 Bc4 31. Kg1 Bd3 32. Rd8 Rb1+ 33. Kf2
Rb2+ 34. Kg1 Bc4 35. Rc8 Be6 36. Ra8 Rb3 37. Kf2 Ke5 38. Ra5+ Kd4 39. Ra4+ Ke5
40. Ra5+ Kd4 41. Ra4+ Ke5 42. Ra5+ 1/2-1/2

[Event "Women's Speed Chess GP1"]
[Site "chess.com INT"]
[Date "2020.06.24"]
[Round "1.8"]
[White "Vaishali, R"]
[Black "Stefanova, Antoaneta"]
[Result "1-0"]
[WhiteTitle "WGM"]
[BlackTitle "GM"]
[WhiteElo "2393"]
[BlackElo "2462"]
[WhiteFideId "5091756"]
[BlackFideId "2902257"]
[EventDate "2020.06.24"]
[EventType "k.o. blitz"]

1. e4 e5 2. Nf3 Nc6 3. Bb5 a6 4. Ba4 Nf6 5. d3 Bc5 6. Nc3 d6 7. a3 O-O 8. h3 Nd4
9. Nxd4 Bxd4 10. Ne2 Ba7 11. O-O d5 12. Ng3 Be6 13. Qf3 b5 14. Bb3 d4 15. Bg5 h6
16. Bxf6 Qxf6 17. Qxf6 gxf6 18. f4 c5 19. fxe5 c4 20. Ba2 fxe5 21. Rf6 cxd3 22.
cxd3 Bxa2 23. Rxa2 Rfc8 24. Nf5 Rc1+ 25. Kh2 Rd1 26. Rxa6 Rxd3 27. Ne7+ Kg7 28.
Nc6 Rb3 29. Rxa7 Rxa7 30. Nxa7 d3 31. Ra1 d2 32. Rd1 Rxb2 33. Nc6 f6 34. Kg3 h5
35. Kf2 h4 36. Ke2 Rb3 37. Rxd2 Rxa3 38. Rb2 Ra4 39. Kf3 Ra3+ 40. Kf2 Ra4 41.
Rxb5 Rxe4 42. Ne7 Rf4+ 43. Ke2 Kf7 44. Nd5 Rd4 45. Ne3 Kg6 46. Rb6 Kg5 47. Rc6
Ra4 48. Rc4 Ra2+ 49. Kf3 f5 50. Rc2 e4+ 51. Ke2 Ra5 52. Nf1 f4 53. Nd2 Kf5 54.
Nb3 Ra3 55. Rc5+ Kg6 56. Nd2 Rg3 57. Nxe4 Rxg2+ 58. Kf3 Rh2 59. Nf2 Kh6 60. Rc4
Kg5 61. Ra4 Kh6 62. Rxf4 Kg5 63. Rg4+ Kh5 64. Rg2 Rxg2 65. Kxg2 Kg5 66. Kf3 Kf5
67. Nd3 Kg5 68. Ke4 Kg6 69. Kf4 Kh5 70. Ne5 Kh6 71. Kg4 1-0

[Event "Women's Speed Chess GP1"]
[Site "chess.com INT"]
[Date "2020.06.24"]
[Round "1.9"]
[White "Stefanova, Antoaneta"]
[Black "Vaishali, R"]
[Result "1-0"]
[WhiteTitle "GM"]
[BlackTitle "WGM"]
[WhiteElo "2462"]
[BlackElo "2393"]
[WhiteFideId "2902257"]
[BlackFideId "5091756"]
[EventDate "2020.06.24"]
[EventType "k.o. blitz"]

1. d4 Nf6 2. Nf3 g6 3. g3 Bg7 4. Bg2 O-O 5. O-O d5 6. Bf4 c5 7. dxc5 Na6 8. Nc3
Nxc5 9. Nb5 a6 10. Nc7 Ra7 11. Be5 b6 12. Bxf6 Rxc7 13. Bxg7 Kxg7 14. c3 Bb7 15.
Qd4+ f6 16. Rad1 e5 17. Qd2 Qe7 18. Ne1 Rd8 19. Nc2 Rcd7 20. h4 h5 21. Qe3 a5
22. b4 1-0

[Event "Women's Speed Chess GP1"]
[Site "chess.com INT"]
[Date "2020.06.24"]
[Round "1.10"]
[White "Vaishali, R"]
[Black "Stefanova, Antoaneta"]
[Result "1/2-1/2"]
[WhiteTitle "WGM"]
[BlackTitle "GM"]
[WhiteElo "2393"]
[BlackElo "2462"]
[WhiteFideId "5091756"]
[BlackFideId "2902257"]
[EventDate "2020.06.24"]
[EventType "k.o. blitz"]

1. e4 e5 2. Nf3 Nc6 3. Bb5 a6 4. Ba4 g6 5. c3 Bg7 6. d4 exd4 7. cxd4 Nge7 8. d5
b5 9. Bc2 Na5 10. Bd2 Nc4 11. Bc3 f6 12. O-O O-O 13. a4 Bb7 14. b3 Nd6 15. Nbd2
c5 16. Re1 b4 17. Bb2 a5 18. Bd3 Ba6 19. Qc2 Bxd3 20. Qxd3 Nf7 21. Nc4 d6 22.
Re2 Ne5 23. Bxe5 fxe5 24. Ng5 Rf6 25. Ne6 Qb8 26. Rf1 h6 27. Qh3 g5 28. Nxg7
Kxg7 29. Qd7 Ra7 30. Qh3 Ng6 31. Qe3 Nf4 32. Rd2 h5 33. g3 Nh3+ 34. Kg2 Qc8 35.
f3 g4 36. f4 exf4 37. gxf4 Re7 38. e5 dxe5 39. fxe5 Rxf1 40. Kxf1 Qf5+ 41. Kg2
Rf7 42. Rd1 Nf4+ 43. Kh1 Nh3 44. Kg2 Nf4+ 45. Kh1 Nh3 46. Kg2 1/2-1/2

[Event "Women's Speed Chess GP1"]
[Site "chess.com INT"]
[Date "2020.06.24"]
[Round "1.11"]
[White "Stefanova, Antoaneta"]
[Black "Vaishali, R"]
[Result "1-0"]
[WhiteTitle "GM"]
[BlackTitle "WGM"]
[WhiteElo "2462"]
[BlackElo "2393"]
[WhiteFideId "2902257"]
[BlackFideId "5091756"]
[EventDate "2020.06.24"]
[EventType "k.o. blitz"]

1. d4 Nf6 2. Nf3 e6 3. g3 d5 4. Bg2 Be7 5. O-O b5 6. Ne5 Bb7 7. a4 b4 8. c4 O-O
9. c5 Nc6 10. f4 a5 11. h3 Nd7 12. Kh2 Ncxe5 13. fxe5 f6 14. exf6 Nxf6 15. Bf4
Ba6 16. Nd2 c6 17. Rf2 e5 18. dxe5 Nd7 19. Nb3 Nxc5 20. Nd4 Rc8 21. Rc1 Bb7 22.
Rf1 Ne4 23. Ne6 Qe8 24. Nxf8 Bxf8 25. Bxe4 dxe4 26. Qb3+ Kh8 27. Be3 c5 28. Qf7
Qxf7 29. Rxf7 Bd5 30. Ra7 Bb3 31. Rxa5 c4 32. Bd4 h5 33. h4 Be7 34. e6 Rf8 35.
Ra7 Re8 36. a5 Kg8 37. a6 Kf8 38. Rd7 Ba4 39. Rb7 Bc6 40. Rc7 Ba8 41. a7 e3 42.
Rf1+ Kg8 43. Rf7 Bf6 44. Bxf6 gxf6 45. Rg7+ Kh8 46. Rh7+ Kg8 47. Rcg7+ Kf8 48.
e7+ Rxe7 49. Rxe7 c3 50. Rc7 Kg8 51. bxc3 bxc3 52. Rhd7 1-0

[Event "Women's Speed Chess GP1"]
[Site "chess.com INT"]
[Date "2020.06.24"]
[Round "1.1"]
[White "Koneru, Humpy"]
[Black "Pham, Le Thao Nguyen"]
[Result "0-1"]
[WhiteTitle "GM"]
[BlackTitle "IM"]
[WhiteElo "2586"]
[BlackElo "2366"]
[WhiteFideId "5008123"]
[BlackFideId "12401226"]
[EventDate "2020.06.24"]
[EventType "k.o. blitz"]

1. d4 d5 2. c4 c6 3. Nc3 Nf6 4. e3 a6 5. Qc2 g6 6. Bd3 Bg7 7. Nf3 O-O 8. O-O Bg4
9. Ne5 Be6 10. Bd2 Nbd7 11. Nxd7 Nxd7 12. c5 f6 13. e4 dxe4 14. Nxe4 Bd5 15. Nc3
e6 16. b4 f5 17. Nxd5 exd5 18. Bc3 Qh4 19. Rad1 Rae8 20. g3 Qh5 21. f3 Re7 22.
Kg2 Rfe8 23. Qf2 Qg5 24. Rfe1 Nf8 25. Rxe7 Rxe7 26. Re1 Qf6 27. Rxe7 Qxe7 28. a4
Ne6 29. Qe3 Kf7 30. b5 axb5 31. axb5 Nxc5 32. Qxe7+ Kxe7 33. bxc6 bxc6 34. dxc5
Bxc3 35. g4 f4 36. h4 Bd4 37. h5 gxh5 38. gxh5 h6 39. Kh3 Bxc5 40. Kg4 Be3 41.
Kf5 c5 42. Kg6 c4 43. Be2 Kd6 44. Kxh6 Kc5 45. Kg5 d4 46. h6 d3 47. Bf1 Kb4 48.
h7 Bd4 49. Kxf4 Kc3 50. Ke4 Bh8 51. Ke3 d2 52. Be2 Kc2 0-1

[Event "Women's Speed Chess GP1"]
[Site "chess.com INT"]
[Date "2020.06.24"]
[Round "1.2"]
[White "Pham, Le Thao Nguyen"]
[Black "Koneru, Humpy"]
[Result "0-1"]
[WhiteTitle "IM"]
[BlackTitle "GM"]
[WhiteElo "2366"]
[BlackElo "2586"]
[WhiteFideId "12401226"]
[BlackFideId "5008123"]
[EventDate "2020.06.24"]
[EventType "k.o. blitz"]

1. d4 Nf6 2. Nf3 d5 3. Bf4 e6 4. e3 c5 5. c3 Bd6 6. Bg3 Qc7 7. Nbd2 Nbd7 8. Be2
O-O 9. O-O Bxg3 10. hxg3 e5 11. dxe5 Nxe5 12. Nxe5 Qxe5 13. Bf3 Bf5 14. Qa4 b6
15. Rfe1 Rfe8 16. Qf4 Qe6 17. Nf1 Rad8 18. Nh2 h6 19. g4 Bg6 20. Red1 Rd7 21. a3
Red8 22. Nf1 Be4 23. Rd2 Bxf3 24. gxf3 d4 25. exd4 cxd4 26. cxd4 Nd5 27. Qe5 Qg6
28. Rad1 Re7 29. Qg3 f5 30. Nh2 f4 31. Qh4 Rde8 32. Nf1 Kh7 33. Kg2 Re2 34. Qh5
Qxh5 35. gxh5 Kg8 36. Kh3 Kf7 37. Nh2 Rxd2 38. Rxd2 Re1 39. Rc2 Rd1 40. Ng4 Rxd4
41. Ne5+ Kf6 42. Nc6 Rd1 43. Nxa7 Kg5 44. Nb5 Kxh5 45. Kg2 g5 46. Nc3 Nxc3 47.
Rxc3 Rd6 48. Rc4 Kg6 49. Rb4 Kf5 50. a4 Ke5 51. Rb5+ Kd4 52. Kh3 Kd3 53. b4 Ke2
54. Kg2 Rg6 55. a5 bxa5 56. bxa5 h5 57. Rb6 Rg7 58. a6 Ra7 59. Rg6 g4 60. fxg4
hxg4 61. Rxg4 f3+ 62. Kg3 Rxa6 63. Re4+ Kd3 64. Kxf3 Rf6+ 65. Rf4 Rg6 66. Rf7
Kd4 67. Kf4 Rg2 68. f3 Kd5 69. Kf5 Rf2 70. f4 Kd6 71. Ra7 Rg2 72. Kf6 Rf2 73. f5
Rf1 74. Kg6 Ke5 75. Re7+ Kd6 76. f6 Rg1+ 77. Kf7 Rf1 78. Kg7 Rg1+ 79. Kf8 Rf1
80. f7 Rf2 81. Re4 Kd7 82. Rd4+ Ke6 83. Re4+ Kd7 84. Re7+ Kd6 85. Ke8 Rxf7 0-1

[Event "Women's Speed Chess GP1"]
[Site "chess.com INT"]
[Date "2020.06.24"]
[Round "1.3"]
[White "Koneru, Humpy"]
[Black "Pham, Le Thao Nguyen"]
[Result "1-0"]
[WhiteTitle "GM"]
[BlackTitle "IM"]
[WhiteElo "2586"]
[BlackElo "2366"]
[WhiteFideId "5008123"]
[BlackFideId "12401226"]
[EventDate "2020.06.24"]
[EventType "k.o. blitz"]

1. d4 d5 2. c4 c6 3. Nf3 Nf6 4. e3 Bf5 5. Nc3 e6 6. Nh4 Bg6 7. Qb3 Qb6 8. Nxg6
hxg6 9. Bd2 Nbd7 10. h3 g5 11. Qc2 Qd8 12. e4 Nxe4 13. Nxe4 dxe4 14. Qxe4 Be7
15. O-O-O Qc7 16. Kb1 O-O-O 17. Qf3 Bf6 18. Be3 Nb6 19. Be2 Na4 20. Qe4 Nb6 21.
Qc2 Kb8 22. Rd2 Rd7 23. Rhd1 Rhd8 24. Bg4 Ka8 25. Qb3 Nc8 26. d5 cxd5 27. cxd5
Rxd5 28. Rxd5 Rxd5 29. Rc1 Qd8 30. Qxd5 1-0

[Event "Women's Speed Chess GP1"]
[Site "chess.com INT"]
[Date "2020.06.24"]
[Round "1.4"]
[White "Pham, Le Thao Nguyen"]
[Black "Koneru, Humpy"]
[Result "1-0"]
[WhiteTitle "IM"]
[BlackTitle "GM"]
[WhiteElo "2366"]
[BlackElo "2586"]
[WhiteFideId "12401226"]
[BlackFideId "5008123"]
[EventDate "2020.06.24"]
[EventType "k.o. blitz"]

1. d4 Nf6 2. Nf3 d5 3. Bf4 e6 4. e3 c5 5. c3 Bd6 6. Bg3 Qc7 7. Ne5 Nbd7 8. f4
Ne4 9. Nd2 Nxd2 10. Qxd2 f6 11. Nf3 O-O 12. Be2 b6 13. O-O Bb7 14. Rae1 Rae8 15.
Bb5 Bc6 16. a4 a6 17. Bxa6 Bxa4 18. Bd3 c4 19. Bb1 f5 20. Bh4 Be7 21. Bxe7 Rxe7
22. Kh1 Bc6 23. Rg1 Kh8 24. g4 g6 25. Rg3 Nf6 26. Ne5 Nxg4 27. Nxg4 fxg4 28.
Rxg4 b5 29. h4 Qd7 30. Reg1 e5 31. fxe5 Ref7 32. Qh2 Rf2 33. R4g2 R2f3 34. Rg3
Rf2 35. Qh3 Qxh3+ 36. Rxh3 Rxb2 37. h5 g5 38. h6 g4 39. Rh2 Rxh2+ 40. Kxh2 Bd7
41. Kg2 Rf3 42. Rf1 Rxf1 43. Kxf1 Kg8 44. Kf2 Be6 45. Kg3 Bd7 46. e4 dxe4 47.
Bxe4 Kf7 48. Bxh7 Be6 49. Bc2 1-0

[Event "Women's Speed Chess GP1"]
[Site "chess.com INT"]
[Date "2020.06.24"]
[Round "1.5"]
[White "Koneru, Humpy"]
[Black "Pham, Le Thao Nguyen"]
[Result "1-0"]
[WhiteTitle "GM"]
[BlackTitle "IM"]
[WhiteElo "2586"]
[BlackElo "2366"]
[WhiteFideId "5008123"]
[BlackFideId "12401226"]
[EventDate "2020.06.24"]
[EventType "k.o. blitz"]

1. d4 d5 2. c4 c6 3. Nf3 Nf6 4. e3 Bg4 5. h3 Bh5 6. Nc3 e6 7. g4 Bg6 8. Ne5 Nbd7
9. Nxg6 hxg6 10. g5 Ng8 11. Qg4 Ne7 12. Bd2 Nf5 13. h4 Be7 14. Rh3 Nb6 15. cxd5
exd5 16. h5 Rf8 17. Bd3 Bxg5 18. hxg6 fxg6 19. f4 Bh4+ 20. Ke2 Nc4 21. Qxg6+ Rf7
22. Bxf5 Qf6 23. Qxf6 Rxf6 24. Rxh4 Rxf5 25. Rh8+ Rf8 26. Rxf8+ Kxf8 27. b3 Nd6
28. Rh1 Kf7 29. Kf3 Re8 30. Be1 Nf5 31. Bf2 a6 32. e4 dxe4+ 33. Nxe4 Re7 34. Rh5
Nh6 35. Re5 Rc7 36. Ng5+ Kf6 37. Re6+ Kf5 38. Bh4 Ng4 39. Re1 Rd7 40. Rd1 Nf6
41. Re1 Nd5 42. Re5+ Kg6 43. Ne4 Rf7 44. Re6+ Kh5 45. Bg3 1-0

[Event "Women's Speed Chess GP1"]
[Site "chess.com INT"]
[Date "2020.06.24"]
[Round "1.6"]
[White "Pham, Le Thao Nguyen"]
[Black "Koneru, Humpy"]
[Result "1/2-1/2"]
[WhiteTitle "IM"]
[BlackTitle "GM"]
[WhiteElo "2366"]
[BlackElo "2586"]
[WhiteFideId "12401226"]
[BlackFideId "5008123"]
[EventDate "2020.06.24"]
[EventType "k.o. blitz"]

1. d4 Nf6 2. Nf3 d5 3. Bf4 e6 4. e3 c5 5. c3 Bd6 6. Bg3 Qc7 7. Ne5 Nbd7 8. f4
Ne4 9. Nd2 Nxd2 10. Qxd2 f6 11. Nf3 O-O 12. Be2 b6 13. O-O Bb7 14. Rae1 Rae8 15.
Bb5 Bc6 16. a4 Qb7 17. Qe2 f5 18. Bh4 c4 19. Kh1 a6 20. Bxc6 Qxc6 21. Ra1 Nf6
22. Bxf6 gxf6 23. Rg1 Kh8 24. g4 fxg4 25. Rxg4 Rg8 26. Nh4 Qd7 27. Qg2 Rxg4 28.
Qxg4 Rg8 29. Qh3 f5 30. Nf3 Rg6 31. Qh4 Be7 32. Qf2 Bf6 33. a5 b5 34. Ng1 Qb7
35. Ne2 Rg7 36. Qf3 b4 37. Ng3 Rg6 38. Qd1 Qb5 39. Qa4 Qxa4 40. Rxa4 bxc3 41.
bxc3 Be7 42. Ra1 Bd8 43. Kg2 Rg7 44. Rb1 Bxa5 45. Rc1 Rb7 46. Kf3 Kg7 47. Ne2
Kf6 48. Ra1 Rb5 49. h4 h6 50. h5 Kf7 51. Rg1 Rb8 52. Ra1 Rb5 53. Rg1 Rb8 54. Ra1
Rb5 1/2-1/2

[Event "Women's Speed Chess GP1"]
[Site "chess.com INT"]
[Date "2020.06.24"]
[Round "1.7"]
[White "Koneru, Humpy"]
[Black "Pham, Le Thao Nguyen"]
[Result "0-1"]
[WhiteTitle "GM"]
[BlackTitle "IM"]
[WhiteElo "2586"]
[BlackElo "2366"]
[WhiteFideId "5008123"]
[BlackFideId "12401226"]
[EventDate "2020.06.24"]
[EventType "k.o. blitz"]

1. d4 d5 2. c4 c6 3. Nf3 Nf6 4. e3 Bg4 5. h3 Bh5 6. Nc3 e6 7. g4 Bg6 8. Ne5 Nbd7
9. Nxg6 hxg6 10. Bd2 Nb6 11. cxd5 exd5 12. g5 Nfd7 13. Qg4 Bd6 14. O-O-O Qe7 15.
Kb1 O-O-O 16. Bd3 Kb8 17. Rhe1 Nf8 18. e4 Qd7 19. e5 Qxg4 20. hxg4 Bb4 21. a3
Be7 22. f4 Ne6 23. Ne2 Rh3 24. Kc2 Nc4 25. Bc1 b5 26. Rf1 Ne3+ 27. Bxe3 Rxe3 28.
f5 gxf5 29. gxf5 Nxg5 30. Nf4 Rh8 31. Kd2 Rg3 32. Rf2 Rh4 33. f6 gxf6 34. exf6
Bd6 35. Ne2 Rgh3 36. Rdf1 Kc7 37. Rg2 Ne4+ 38. Bxe4 Rxe4 39. Kc2 Kd7 40. Nc3
Rxd4 41. Rg7 Ke6 42. Rg8 Rh2+ 43. Kb3 Rdd2 44. Nd1 Be5 45. Re8+ Kd6 46. Rd8+ Kc7
47. Re8 Bxb2 48. Re7+ Kb6 49. Rxf7 a5 50. a4 bxa4+ 51. Kxa4 Bd4 52. Nc3 Rb2 53.
Nxd5+ cxd5 54. Ra1 Rb4+ 55. Ka3 Bxa1 56. Rd7 Bb2+ 57. Ka2 Bxf6+ 58. Ka3 Kb5 59.
Rxd5+ Kc4 60. Rd6 Rb3+ 61. Ka4 Ra2# 0-1

[Event "Women's Speed Chess GP1"]
[Site "chess.com INT"]
[Date "2020.06.24"]
[Round "1.8"]
[White "Pham, Le Thao Nguyen"]
[Black "Koneru, Humpy"]
[Result "1-0"]
[WhiteTitle "IM"]
[BlackTitle "GM"]
[WhiteElo "2366"]
[BlackElo "2586"]
[WhiteFideId "12401226"]
[BlackFideId "5008123"]
[EventDate "2020.06.24"]
[EventType "k.o. blitz"]

1. d4 Nf6 2. Nf3 d5 3. Bf4 Bf5 4. c4 e6 5. Nc3 Bb4 6. Qb3 c5 7. e3 O-O 8. a3
Bxc3+ 9. bxc3 Nc6 10. Be2 Na5 11. Qa4 Ne4 12. Rc1 dxc4 13. Bxc4 Nxc4 14. Qxc4
Rc8 15. O-O cxd4 16. Qxd4 Nxc3 17. Kh1 Ne2 18. Qxd8 Rfxd8 19. Rxc8 Rxc8 20. Bd6
f6 21. h3 e5 22. Kh2 Kf7 23. Bb4 b6 24. Re1 Rc2 25. Rd1 a5 26. Be1 Nc3 27. Rd6
Na4 28. Nh4 Be4 29. f3 Bc6 30. e4 g6 31. Rd8 Nc5 32. Rh8 Kg7 33. Rc8 Bd7 34. Rc7
Kf8 35. Bg3 Ba4 36. f4 exf4 37. Bxf4 Ne6 38. Bd6+ Kg8 39. Rb7 Rc6 40. Be7 Ng5
41. e5 Ne4 42. exf6 Nxf6 43. Nf3 Nd5 44. Bg5 Bc2 45. Bh6 Be4 46. Rg7+ Kh8 47.
Ng5 Rf6 48. Nf7+ Rxf7 49. Rxf7 Nf6 50. Rf8+ Ng8 51. Bf4 Kg7 52. Re8 g5 53. Be5+
Kg6 54. Rb8 Ne7 55. Rxb6+ Kf5 56. Bd4 Nd5 57. Rb5 Kf4 58. Rxa5 g4 59. Ba7 g3+
60. Kg1 h6 61. Bb8+ Ke3 62. Bxg3 Ke2 63. Bf2 Nc3 64. Re5 Nd1 65. Rxe4+ 1-0

[Event "Women's Speed Chess GP1"]
[Site "chess.com INT"]
[Date "2020.06.24"]
[Round "1.9"]
[White "Koneru, Humpy"]
[Black "Pham, Le Thao Nguyen"]
[Result "0-1"]
[WhiteTitle "GM"]
[BlackTitle "IM"]
[WhiteElo "2586"]
[BlackElo "2366"]
[WhiteFideId "5008123"]
[BlackFideId "12401226"]
[EventDate "2020.06.24"]
[EventType "k.o. blitz"]

1. d4 d5 2. Nf3 c6 3. c4 Nf6 4. e3 Bg4 5. Nc3 e6 6. h3 Bh5 7. g4 Bg6 8. Ne5 Nbd7
9. Nxg6 hxg6 10. g5 Ng8 11. Qg4 Bb4 12. Bd2 Ne7 13. Bd3 Nb6 14. c5 Nd7 15. a3
Ba5 16. b4 Bc7 17. h4 Nf8 18. Ke2 Qd7 19. f4 Nf5 20. Rag1 a6 21. h5 gxh5 22.
Rxh5 Rxh5 23. Qxh5 O-O-O 24. Kd1 Ng6 25. Ne2 Rh8 26. Qf3 Qe8 27. Rh1 Qg8 28. Kc2
Rh7 29. e4 dxe4 30. Bxe4 Nge7 31. a4 Qh8 32. Rxh7 Qxh7 33. b5 axb5 34. axb5 Kd7
35. bxc6+ bxc6 36. Kb2 Qh8 37. Kc2 Qa8 38. Qb3 Qa6 39. Bd3 Qa7 40. Bc3 g6 41.
Kd2 Qa8 42. Be4 Nd5 43. Bxd5 exd5 44. Kc2 Qe8 45. Kd2 Qe4 46. Qc2 Bxf4+ 47. Nxf4
Qxf4+ 48. Ke1 Qxg5 49. Qe2 Qc1+ 50. Kf2 Qxc3 0-1

[Event "Women's Speed Chess GP1"]
[Site "chess.com INT"]
[Date "2020.06.24"]
[Round "1.10"]
[White "Pham, Le Thao Nguyen"]
[Black "Koneru, Humpy"]
[Result "0-1"]
[WhiteTitle "IM"]
[BlackTitle "GM"]
[WhiteElo "2366"]
[BlackElo "2586"]
[WhiteFideId "12401226"]
[BlackFideId "5008123"]
[EventDate "2020.06.24"]
[EventType "k.o. blitz"]

1. d4 g6 2. Nf3 Bg7 3. g3 d6 4. Bg2 Nf6 5. O-O O-O 6. c4 Nbd7 7. Nc3 c6 8. e4 e5
9. Re1 Re8 10. h3 Qc7 11. Be3 a5 12. Qd2 exd4 13. Nxd4 Nc5 14. Bh6 Bh8 15. Rad1
Bd7 16. Kh2 Rad8 17. Bf4 Bc8 18. g4 h5 19. g5 Nfd7 20. Bg3 Ne5 21. b3 f6 22. Nf3
Nf7 23. gxf6 Bxf6 24. Qf4 Qe7 25. Qd2 g5 26. h4 g4 27. Nd4 Bxh4 28. Nf5 Bxg3+
29. fxg3 Bxf5 30. exf5 Qf6 31. Ne4 Nxe4 32. Rxe4 Rxe4 33. Bxe4 Re8 34. Qf4 Kg7
35. Bg2 Qe5 36. Qd2 h4 37. Qd3 hxg3+ 38. Qxg3 Rh8+ 0-1

[Event "Women's Speed Chess GP1"]
[Site "chess.com INT"]
[Date "2020.06.25"]
[Round "2.1"]
[White "Munkhzul, Turmunkh"]
[Black "Vaishali, R"]
[Result "1-0"]
[WhiteTitle "WIM"]
[BlackTitle "WGM"]
[WhiteElo "2278"]
[BlackElo "2393"]
[WhiteFideId "4901878"]
[BlackFideId "5091756"]
[EventDate "2020.06.24"]
[EventType "k.o. blitz"]

1. e4 e5 2. Nf3 Nc6 3. Bb5 g6 4. c3 d6 5. O-O Bg7 6. d4 Bd7 7. d5 Nce7 8. Bxd7+
Qxd7 9. Be3 h6 10. Ne1 f5 11. f3 Nf6 12. Nd2 O-O 13. Nd3 fxe4 14. fxe4 Ng4 15.
Qe2 h5 16. Bg5 Bh6 17. Bxh6 Nxh6 18. Nf3 c6 19. c4 b5 20. b3 bxc4 21. bxc4 cxd5
22. cxd5 Nf7 23. Qe3 a5 24. Nh4 Qa7 25. Qxa7 Rxa7 26. Rab1 Ng5 27. Rxf8+ Kxf8
28. Nf2 Rc7 29. Nf3 Nxf3+ 30. gxf3 Rc3 31. Rb3 Rxb3 32. axb3 Nc8 33. Nd1 Nb6 34.
Kf2 Nd7 35. Nb2 Nc5 36. Nc4 Nb7 37. Ke3 Ke7 38. h4 Kf6 39. f4 exf4+ 40. Kxf4 Nc5
41. Nxd6 Nxb3 42. e5+ Ke7 43. Nc4 a4 44. Kg5 Nd4 45. Kxg6 Nf3 46. Kxh5 a3 47.
Nxa3 Nxe5 48. Nb5 Nd7 49. Kg5 Nf6 50. d6+ Kf7 51. Kf5 Nd7 52. Nc7 Nb6 53. Ne6
Nd7 54. Ng5+ Kg7 55. h5 Nc5 56. Ne6+ Kh6 57. Nxc5 1-0

[Event "Women's Speed Chess GP1"]
[Site "chess.com INT"]
[Date "2020.06.25"]
[Round "2.2"]
[White "Vaishali, R"]
[Black "Munkhzul, Turmunkh"]
[Result "1-0"]
[WhiteTitle "WGM"]
[BlackTitle "WIM"]
[WhiteElo "2393"]
[BlackElo "2278"]
[WhiteFideId "5091756"]
[BlackFideId "4901878"]
[EventDate "2020.06.24"]
[EventType "k.o. blitz"]

1. e4 c5 2. Nc3 Nc6 3. Nge2 Nf6 4. d4 cxd4 5. Nxd4 e5 6. Ndb5 d6 7. Bg5 a6 8.
Na3 b5 9. Bxf6 gxf6 10. Nd5 f5 11. g3 fxe4 12. Bg2 Be6 13. Bxe4 Rc8 14. O-O Bg7
15. Qh5 Ne7 16. Rad1 Nxd5 17. Bxd5 Bxd5 18. Rxd5 O-O 19. c3 Qf6 20. Nc2 Rc5 21.
Rfd1 Rxd5 22. Rxd5 Qe6 23. Qd1 Rd8 24. Nb4 f5 25. Nxa6 Qd7 26. Qb3 Kh8 27. Qxb5
Qf7 28. Qc6 Bf8 29. Nb4 f4 30. Rd3 Qg6 31. Rd1 Qg4 32. Re1 Bg7 33. Qe4 Rf8 34.
Nd5 Qh3 35. Qg2 Qh5 36. g4 Qh4 37. Nc7 f3 38. Qg3 Qe7 39. Nd5 Qg5 40. Ne3 Rf4
41. Rd1 Qg6 42. c4 Bf8 43. h3 Be7 44. b3 h6 45. a4 Qe4 46. a5 Rf8 47. Nd5 Bg5
48. a6 Qc2 49. Re1 Qd2 50. Rf1 Qa5 51. h4 Bd2 52. g5 h5 53. g6 Kg7 54. Rd1 Bf4
55. Qh3 Qxa6 56. Qd7+ Kxg6 57. Kh1 Kh6 58. Rg1 1-0

[Event "Women's Speed Chess GP1"]
[Site "chess.com INT"]
[Date "2020.06.25"]
[Round "2.3"]
[White "Munkhzul, Turmunkh"]
[Black "Vaishali, R"]
[Result "0-1"]
[WhiteTitle "WIM"]
[BlackTitle "WGM"]
[WhiteElo "2278"]
[BlackElo "2393"]
[WhiteFideId "4901878"]
[BlackFideId "5091756"]
[EventDate "2020.06.24"]
[EventType "k.o. blitz"]

1. e4 c5 2. Nf3 Nc6 3. d4 cxd4 4. Nxd4 Nf6 5. Nc3 d6 6. Bg5 e6 7. Qd2 a6 8.
O-O-O Be7 9. f4 Bd7 10. Nf3 b5 11. Bxf6 gxf6 12. Kb1 Qb6 13. f5 O-O-O 14. g3 Kb8
15. fxe6 fxe6 16. Bh3 Rhe8 17. Rhe1 Na5 18. Nd4 Bf8 19. Qd3 Bc8 20. Rf1 Bg7 21.
Nb3 Nc4 22. Qd4 Qxd4 23. Nxd4 Ne3 24. Nc6+ Kc7 25. Nxd8 Rxd8 26. Ne2 Nxf1 27.
Rxf1 d5 28. exd5 Rxd5 29. Nf4 Re5 30. a3 f5 31. Bg2 Bb7 32. Bxb7 Kxb7 33. Rf2
Re1+ 34. Ka2 Kc6 35. Nd3 Re3 36. Rd2 a5 37. Rf2 Bd4 38. Rf4 Bf6 39. Rf2 Bg5 40.
Kb1 Re4 41. Ka2 Bd8 42. Kb3 Bc7 43. Kc3 h5 44. Kd2 h4 45. Rf3 Rg4 46. Re3 hxg3
47. hxg3 Kd5 48. Nc1 Rxg3 49. Rxg3 Bxg3 50. Ne2 Bc7 51. Kd3 e5 52. b3 e4+ 53.
Ke3 Ke5 54. c4 f4+ 55. Kd2 f3 56. Nc3 bxc4 57. bxc4 Bd8 58. c5 Kd4 59. c6 e3+
60. Kc2 f2 61. Ne2+ Kc5 62. Ng3 Bc7 63. Nf1 e2 0-1